[Event "World Blitz Women 2016"]
[Site "Doha QAT"]
[Date "2016.12.29"]
[Round "7.13"]
[White "Pham, Le Thao Nguyen"]
[Black "Sviridova, Vlada"]
[Result "1-0"]
[WhiteTitle "IM"]
[BlackTitle "WFM"]
[WhiteElo "2351"]
[BlackElo "2144"]
[WhiteFideId "12401226"]
[BlackFideId "24109606"]
[EventDate "2016.12.29"]

1. d4 d5 2. Nf3 Nf6 3. Bf4 e6 4. e3 c5 5. c3 Bd6 6. Bg3 O-O 7. Nbd2 Nc6 8. Bd3
Re8 9. Ne5 Qc7 10. f4 Ne7 11. O-O Nf5 12. Qf3 c4 13. Bc2 b5 14. a3 Bb7 15. Bf2
Ne7 16. Bh4 Nd7 17. Bxh7+ Kxh7 18. Qh5+ Kg8 19. Qxf7+ Kh8 20. Bxe7 Nxe5 21. Qh5+
Kg8 22. Bxd6 Qxd6 23. fxe5 Qd7 24. Rf4 Re7 25. Rh4 Rf8 26. Qh8+ Kf7 27. Rf1+ 1-0

[Event "World Blitz Women 2016"]
[Site "Doha QAT"]
[Date "2016.12.29"]
[Round "7.15"]
[White "Dzagnidze, Nana"]
[Black "Ovezdurdiyeva, Jemal"]
[Result "0-1"]
[WhiteTitle "GM"]
[BlackTitle "WFM"]
[WhiteElo "2520"]
[BlackElo "2080"]
[WhiteFideId "13601903"]
[BlackFideId "14001888"]
[EventDate "2016.12.29"]

1. d4 Nf6 2. c4 g6 3. Nc3 Bg7 4. g3 c6 5. Bg2 d5 6. Nf3 O-O 7. b3 Ne4 8. Bb2 Qa5
9. Qc1 Nd7 10. O-O Ndf6 11. Ne5 Bf5 12. f3 Nxc3 13. Bxc3 Qc7 14. c5 Be6 15. e4
Nd7 16. Nxd7 Qxd7 17. Qe3 Bh3 18. Bxh3 Qxh3 19. exd5 cxd5 20. b4 Rfe8 21. Rad1
b6 22. Rfe1 Rad8 23. b5 bxc5 24. dxc5 e5 25. c6 Qc8 26. Qxa7 d4 27. Ba5 Rd5 28.
a4 d3 29. Bd2 e4 30. Be3 exf3 31. Qb7 Qh3 32. Rd2 Bc3 33. Red1 Bxd2 34. Rxd2
Rxe3 35. Qb8+ Kg7 0-1

[Event "World Blitz Women 2016"]
[Site "Doha QAT"]
[Date "2016.12.29"]
[Round "7.16"]
[White "Geldiyeva, Mahri"]
[Black "Purtseladze, Maka"]
[Result "1-0"]
[WhiteTitle "WGM"]
[BlackTitle "IM"]
[WhiteElo "2220"]
[BlackElo "2347"]
[WhiteFideId "14000059"]
[BlackFideId "13602659"]
[EventDate "2016.12.29"]

1. d4 Nf6 2. e3 e6 3. Bd3 b6 4. f4 Bb7 5. Nf3 Be7 6. Nbd2 O-O 7. Qe2 d5 8. O-O
Ne4 9. c4 Nd7 10. Ne5 f6 11. Nxd7 Qxd7 12. cxd5 exd5 13. Nf3 Bd6 14. b3 a5 15.
Bb2 a4 16. Nd2 a3 17. Bc1 Nxd2 18. Bxd2 f5 19. Rac1 c6 20. Rf3 Rae8 21. Qf2 g6
22. Rh3 Qe7 23. Qf3 Rf6 24. Rh6 Bb4 25. Bxb4 Qxb4 26. Rh3 Qd2 27. Qd1 Qxa2 28.
Rf3 Rfe6 29. Rf2 Qxf2+ 30. Kxf2 Rxe3 31. Qd2 R3e7 32. Ra1 Ra8 33. Qb4 c5 34.
dxc5 Rd7 35. cxb6 a2 36. Bb5 Rf7 37. Ba4 d4 38. Qxd4 Re7 39. Rxa2 Re4 40. Qd2
Rc8 41. Bb5 Rc5 42. Bc4+ Kg7 43. Qb2+ 1-0

[Event "World Blitz Women 2016"]
[Site "Doha QAT"]
[Date "2016.12.29"]
[Round "7.17"]
[White "Krivec, Jana"]
[Black "Sloan, Julia Elizabeth"]
[Result "0-1"]
[WhiteTitle "WGM"]
[BlackTitle "CM"]
[WhiteElo "2264"]
[BlackElo "2173"]
[WhiteFideId "14601982"]
[BlackFideId "2018950"]
[EventDate "2016.12.29"]

1. e4 e6 2. d3 d5 3. Nd2 Nf6 4. g3 Bc5 5. Bg2 b6 6. Ngf3 Bb7 7. Qe2 dxe4 8. dxe4
Nc6 9. O-O a5 10. e5 Nd7 11. Rd1 h6 12. Ne4 Be7 13. b3 Qc8 14. Bb2 a4 15. c4 Nc5
16. Nxc5 Bxc5 17. Nh4 Ne7 18. Bxb7 Qxb7 19. Ng2 Qc6 20. Nf4 O-O 21. Bc3 axb3 22.
axb3 Rxa1 23. Rxa1 Nf5 24. Rd1 Ra8 25. Nh5 Qe8 26. Qg4 Kh7 27. h4 Ra2 28. Nf4
Rxf2 29. Nd3 Rf4+ 30. Nxc5 Rxg4 0-1

[Event "World Blitz Women 2016"]
[Site "Doha QAT"]
[Date "2016.12.29"]
[Round "8.2"]
[White "Lagno, Kateryna"]
[Black "Ju, Wenjun"]
[Result "1/2-1/2"]
[WhiteTitle "GM"]
[BlackTitle "GM"]
[WhiteElo "2530"]
[BlackElo "2579"]
[WhiteFideId "14109336"]
[BlackFideId "8603006"]
[EventDate "2016.12.29"]

1. e4 e5 2. Nf3 Nf6 3. Nxe5 d6 4. Nf3 Nxe4 5. d3 Nf6 6. d4 d5 7. Bd3 Bd6 8. Qe2+
Qe7 9. Qxe7+ Bxe7 10. Bf4 c6 11. h3 h6 12. O-O Be6 13. Re1 O-O 14. Nbd2 Re8 15.
a4 a5 16. Nb3 Nbd7 17. c3 g5 18. Bh2 Nh5 19. Ne5 Nxe5 20. Bxe5 Nf4 21. Bf1 Ng6
22. Bc7 Bd8 23. Bxd8 Rexd8 24. Nc5 Bc8 25. Bd3 b6 26. Nb3 Nf4 27. Bc2 Be6 28.
Kh2 Rdc8 29. g3 Nh5 30. Re5 Nf6 31. f4 g4 32. Bf5 Bxf5 33. Rxf5 Kg7 34. Re5 gxh3
35. Kxh3 Ne4 36. g4 Re8 37. Kg2 f6 38. Rh5 Nd6 39. Kf3 Re7 40. Rah1 Nf7 41. Nc1
Rae8 42. Kf2 Re3 43. R5h3 Rxh3 44. Rxh3 Nd6 45. b3 Ne4+ 46. Kg2 Rf8 47. c4 Rd8
48. Ne2 Re8 49. Re3 Rd8 50. Kf3 Nd2+ 51. Kf2 dxc4 52. bxc4 Nxc4 53. Re7+ Kg8 54.
Re6 Rd6 55. Re7 Nb2 56. Ng3 Rxd4 57. Nh5 Kf8 58. Rb7 Nxa4 59. Ke3 Rd6 60. f5 b5
61. Nf4 b4 62. Ne6+ Ke8 63. Rc7 Nb6 64. Rb7 Nd5+ 65. Kd4 Nf4+ 66. Kc5 Rd5+ 67.
Kxc6 Nxe6 68. Kxd5 Nf4+ 69. Kc4 Ng2 70. Kd3 Ne1+ 71. Kd2 Nf3+ 72. Ke3 Ne5 73.
Rb5 Nxg4+ 74. Kf4 Ne5 75. Rxa5 b3 76. Rb5 b2 77. Ke4 Nc4 78. Kd4 Nd6 79. Rxb2
Nxf5+ 80. Kd5 Kf7 81. Ke4 Nd6+ 82. Kf4 h5 83. Rh2 Kg6 84. Rg2+ 1/2-1/2

[Event "World Blitz Women 2016"]
[Site "Doha QAT"]
[Date "2016.12.29"]
[Round "8.5"]
[White "Khademalsharieh, Sarasadat"]
[Black "Gunina, Valentina"]
[Result "0-1"]
[WhiteTitle "IM"]
[BlackTitle "GM"]
[WhiteElo "2438"]
[BlackElo "2525"]
[WhiteFideId "12512214"]
[BlackFideId "4167570"]
[EventDate "2016.12.29"]

1. d4 Nf6 2. c4 e6 3. Nf3 b6 4. g3 Bb7 5. Bg2 Bb4+ 6. Bd2 a5 7. O-O O-O 8. Bf4
Be7 9. Nc3 d5 10. cxd5 exd5 11. Rc1 c6 12. Ne5 Nbd7 13. Nd3 Re8 14. h3 Rc8 15.
Re1 Nf8 16. e3 Ne6 17. h4 c5 18. dxc5 bxc5 19. Be5 Qd7 20. Nf4 Nxf4 21. Bxf4
Red8 22. Na4 Qe6 23. b3 Ne4 24. Qe2 h6 25. h5 Ba6 26. Qb2 c4 27. Be5 f6 28. Bd4
Qf5 29. Qe2 Rc6 30. Qf3 Qe6 31. Red1 Ng5 32. Qf4 Bd6 33. Qh4 Ba3 34. Rc2 cxb3
35. Rxc6 Qxc6 36. axb3 Be2 37. Re1 Qc2 38. Nc3 Bf3 39. Qf4 Bxg2 40. Kxg2 Bb4 41.
Re2 Qxb3 42. Qc7 Rf8 43. Qc6 Rd8 44. Qc7 Ne6 45. Qb6 Qc4 46. Qxe6+ Kh8 47. Bxf6
Bxc3 48. Rc2 gxf6 49. Qe7 Rc8 50. Qe6 Qe4+ 51. Qxe4 dxe4 52. Ra2 Rc4 53. g4 a4
54. Kg3 Be5+ 55. Kh3 Kg7 56. Rd2 a3 0-1

[Event "World Blitz Women 2016"]
[Site "Doha QAT"]
[Date "2016.12.29"]
[Round "8.6"]
[White "Goryachkina, Aleksandra"]
[Black "Tan, Zhongyi"]
[Result "0-1"]
[WhiteTitle "WGM"]
[BlackTitle "WGM"]
[WhiteElo "2466"]
[BlackElo "2496"]
[WhiteFideId "4147103"]
[BlackFideId "8603642"]
[EventDate "2016.12.29"]

1. d4 Nf6 2. c4 e6 3. g3 d5 4. Bg2 dxc4 5. Nf3 a6 6. O-O Nc6 7. e3 Rb8 8. Qe2 b5
9. b3 cxb3 10. axb3 Bb7 11. Bb2 Be7 12. Rc1 O-O 13. Nbd2 Nb4 14. Ne5 Bxg2 15.
Kxg2 Qc8 16. Qf3 Nfd5 17. Ba3 f6 18. Bxb4 fxe5 19. Qe2 Bxb4 20. Nf3 exd4 21.
Nxd4 Bc3 22. Rab1 Bxd4 23. exd4 Qd7 24. Ra1 Rb6 25. Qe5 Rd6 26. Rc5 Nb4 27. Rd1
Rf5 0-1

[Event "World Blitz Women 2016"]
[Site "Doha QAT"]
[Date "2016.12.29"]
[Round "8.7"]
[White "Arabidze, Meri"]
[Black "Kashlinskaya, Alina"]
[Result "1/2-1/2"]
[WhiteTitle "IM"]
[BlackTitle "IM"]
[WhiteElo "2379"]
[BlackElo "2429"]
[WhiteFideId "13604040"]
[BlackFideId "4198026"]
[EventDate "2016.12.29"]

1. d4 Nf6 2. c4 g6 3. Nf3 Bg7 4. g3 O-O 5. Bg2 d6 6. O-O Nc6 7. Nc3 a6 8. Bf4
Rb8 9. Rc1 Bd7 10. a3 Re8 11. b4 e5 12. dxe5 dxe5 13. Bg5 h6 14. Bxf6 Qxf6 15.
Nd5 Qd8 16. Nd2 f5 17. c5 Be6 18. e4 Nd4 19. Nc4 Qd7 20. Nde3 f4 21. Nd5 Qf7 22.
gxf4 exf4 23. e5 Bxd5 24. Qxd4 Bxg2 25. Kxg2 f3+ 26. Kh1 Rbd8 27. Qe4 g5 28. Rg1
Re6 29. Qxb7 Bxe5 30. Nxe5 Rxe5 31. Qxa6 Re6 32. Qc4 Rd2 33. Rce1 Rxe1 34. Qxf7+
Kxf7 35. Rxe1 Rxf2 36. Ra1 Re2 37. Kg1 Ke6 38. a4 Ke5 39. a5 Rg2+ 40. Kh1 Rb2
41. a6 Re2 42. Kg1 Rg2+ 43. Kh1 Re2 44. a7 f2 45. Kg2 Re1 46. Rxe1+ fxe1=Q 47.
a8=Q Qd2+ 48. Kg3 Qe1+ 49. Kg2 Qd2+ 50. Kg3 Qe1+ 51. Kg2 Qd2+ 1/2-1/2

[Event "World Blitz Women 2016"]
[Site "Doha QAT"]
[Date "2016.12.29"]
[Round "8.8"]
[White "Charochkina, Daria"]
[Black "Pham, Le Thao Nguyen"]
[Result "1-0"]
[WhiteTitle "IM"]
[BlackTitle "IM"]
[WhiteElo "2383"]
[BlackElo "2351"]
[WhiteFideId "4180917"]
[BlackFideId "12401226"]
[EventDate "2016.12.29"]

1. d4 Nf6 2. Bf4 d5 3. Nf3 c5 4. e3 Nc6 5. c3 e6 6. Nbd2 Bd6 7. Bg3 O-O 8. Bb5
a6 9. Bxc6 bxc6 10. Qa4 Bb7 11. Bxd6 Qxd6 12. Qa3 Nd7 13. Nb3 a5 14. O-O Ba6 15.
Rfe1 Rfb8 16. Nxc5 Nxc5 17. dxc5 Qc7 18. e4 Bd3 19. exd5 cxd5 20. Rad1 Be4 21.
Nd2 Bc2 22. Rc1 Bf5 23. c4 d4 24. Nf3 Rd8 25. Rcd1 d3 26. Nh4 Bg4 27. Rxd3 Rxd3
28. Qxd3 Rd8 29. Qe3 h6 30. h3 Bh5 31. g4 Bg6 32. Nxg6 fxg6 33. Qxe6+ Kh7 34.
Qe5 Qc6 35. h4 Rc8 36. h5 Qxc5 37. hxg6+ Kxg6 38. Qe4+ Kg5 39. Rd1 Qxc4 40. Rd5+ 1-0

[Event "World Blitz Women 2016"]
[Site "Doha QAT"]
[Date "2016.12.29"]
[Round "8.9"]
[White "Zhao, Xue"]
[Black "Gaponenko, Inna"]
[Result "1/2-1/2"]
[WhiteTitle "GM"]
[BlackTitle "IM"]
[WhiteElo "2504"]
[BlackElo "2411"]
[WhiteFideId "8601283"]
[BlackFideId "14101181"]
[EventDate "2016.12.29"]

1. d4 d5 2. Nf3 Nf6 3. Bf4 c5 4. e3 Nc6 5. Nbd2 e6 6. c3 cxd4 7. exd4 Nh5 8. Be3
Bd6 9. g3 g6 10. Bg2 O-O 11. O-O f5 12. Bh6 Re8 13. Re1 Qf6 14. Nb3 Bf8 15. Bg5
Qg7 16. Ne5 h6 17. Bd2 Nf6 18. Nc1 Nxe5 19. Rxe5 Ne4 20. f3 Nxd2 21. Qxd2 Bd6
22. Re2 b6 23. Nd3 Ba6 24. Rae1 Bxd3 25. Qxd3 Qf6 26. f4 Re7 27. Qb5 Kf8 28. Qc6
Rd8 29. Qb5 g5 30. fxg5 hxg5 31. Qd3 f4 32. Qf3 Kg7 33. Qg4 Rde8 34. Bh3 e5 35.
dxe5 Rxe5 36. Rxe5 Bxe5 37. Kh1 fxg3 38. hxg3 Rf8 39. Rf1 Qe7 40. Rxf8 Kxf8 41.
Qf3+ Qf7 42. Kg2 Qxf3+ 43. Kxf3 Ke7 44. Bf1 d4 45. c4 Kd6 46. g4 Bf4 47. Ke4 Kc5
48. a3 a5 49. b3 Bc1 50. a4 Kb4 51. Kxd4 Kxb3 52. c5 bxc5+ 53. Kxc5 Kxa4 54. Kc4
Ka3 55. Kc3 Bb2+ 56. Kc2 Bf6 57. Bc4 a4 58. Kb1 1/2-1/2

[Event "World Blitz Women 2016"]
[Site "Doha QAT"]
[Date "2016.12.29"]
[Round "8.12"]
[White "Gvetadze, Sofio"]
[Black "Zhukova, Natalia"]
[Result "0-1"]
[WhiteTitle "IM"]
[BlackTitle "GM"]
[WhiteElo "2283"]
[BlackElo "2440"]
[WhiteFideId "13601440"]
[BlackFideId "14101513"]
[EventDate "2016.12.29"]

1. Nf3 d5 2. c4 d4 3. g3 Nc6 4. Bg2 e5 5. O-O Nf6 6. d3 Be7 7. Bg5 Nd7 8. Bxe7
Qxe7 9. Nbd2 O-O 10. a3 a5 11. Rb1 a4 12. Ne1 Nc5 13. Nc2 Na5 14. Nb4 c6 15. f4
exf4 16. Rxf4 Nab3 17. Ne4 Ne6 18. Rf2 f5 19. Nd2 Nbc5 20. Qf1 g6 21. Kh1 Bd7
22. Re1 Qg7 23. Nf3 Rae8 24. Nc2 f4 25. gxf4 Rxf4 26. Nd2 Ref8 27. Rxf4 Nxf4 28.
Bf3 Nh3 29. Qg2 Qh6 30. Nf1 Ne6 31. e3 dxe3 32. Rxe3 Neg5 33. Nd2 Qh4 34. Qg3
Nf2+ 35. Kg1 Qxg3+ 36. hxg3 Ng4 37. Bxg4 Bxg4 38. d4 Nh3+ 39. Kh1 Rf2 40. Ne4
Bf3+ 41. Rxf3 Rxf3 42. Nc3 Rf2 43. Ne3 Rxb2 44. Nxa4 Rb3 45. Ng4 Rxg3 46. Nf6+
Kg7 47. Ne8+ Kf8 48. Nd6 Rxa3 49. Nb6 Rd3 50. d5 cxd5 51. cxd5 Nf4 52. Nxb7 Nxd5
53. Nc4 Nf4 54. Ne5 Rd2 55. Nc5 Kg7 56. Nf3 Ra2 57. Ne4 h6 58. Ng3 h5 59. Ne4
Kh6 60. Nfg5 Re2 61. Nf7+ Kg7 62. Nfg5 Nh3 63. Ne6+ Kf7 64. N6c5 Nf2+ 65. Nxf2
Rxf2 0-1

[Event "World Blitz Women 2016"]
[Site "Doha QAT"]
[Date "2016.12.29"]
[Round "8.13"]
[White "Ovezdurdiyeva, Jemal"]
[Black "Zhu, Chen"]
[Result "0-1"]
[WhiteTitle "WFM"]
[BlackTitle "GM"]
[WhiteElo "2080"]
[BlackElo "2419"]
[WhiteFideId "14001888"]
[BlackFideId "8600546"]
[EventDate "2016.12.29"]

1. d4 Nf6 2. c4 e6 3. Nc3 Bb4 4. e3 O-O 5. Ne2 d5 6. a3 Bd6 7. c5 Be7 8. b4 c6
9. Nf4 Nbd7 10. Bd3 e5 11. dxe5 Nxe5 12. Bc2 a5 13. Bb2 Nc4 14. Rb1 axb4 15.
axb4 b6 16. Nd3 bxc5 17. bxc5 Nxb2 18. Rxb2 Ne4 19. Nxe4 dxe4 20. Nb4 Bf6 21.
Qxd8 Rxd8 22. Ra2 Bc3+ 23. Kf1 Rxa2 24. Nxa2 Ba6+ 25. Kg1 Rd2 26. Bb3 Ba5 27. h3
Rb2 28. Nc1 Bd2 29. Kh2 g6 30. Ba4 Bb5 31. Bxb5 Rxb5 32. Rd1 Bb4 33. Nb3 Bxc5
34. Nd4 Bxd4 35. Rxd4 f5 36. Rc4 c5 37. Kg3 g5 38. f3 exf3 39. gxf3 Kf7 40. e4
fxe4 41. Rxe4 Kg6 42. Kf2 Kf5 43. Ke3 Rb3+ 44. Ke2 Rc3 45. Re7 h5 46. Rf7+ Ke5
47. Rg7 Kf4 48. Rh7 h4 49. Rf7+ Kg3 50. Rf5 Kxh3 51. Rxg5 Kh2 52. f4 h3 53. f5
Rc2+ 54. Kd3 Rf2 55. Kc4 Rc2+ 56. Kd3 Rg2 57. Rh5 Rf2 58. Kc4 Rc2+ 59. Kd3 Rf2
60. Kc4 Kg2 61. Kxc5 h2 62. Kd5 Rxf5+ 63. Rxf5 h1=Q 64. Ke6 Qh3 65. Kf6 Qc3+ 66.
Ke6 Qc4+ 67. Kf6 Kg3 68. Rg5+ Kf4 69. Rf5+ Ke4 70. Re5+ Kd4 71. Rf5 Qc6+ 72. Kg5
Qe6 73. Rf4+ Ke3 74. Rf5 Qe7+ 75. Kg6 Ke4 76. Rg5 Kf4 77. Rf5+ Ke4 78. Rg5 Qe6+
79. Kh5 Kf4 80. Kh4 Qh6+ 81. Rh5 Qf6+ 82. Kh3 Qe6+ 83. Kh4 Qg4# 0-1

[Event "World Blitz Women 2016"]
[Site "Doha QAT"]
[Date "2016.12.29"]
[Round "8.14"]
[White "Geldiyeva, Mahri"]
[Black "Saduakassova, Dinara"]
[Result "0-1"]
[WhiteTitle "WGM"]
[BlackTitle "WGM"]
[WhiteElo "2220"]
[BlackElo "2428"]
[WhiteFideId "14000059"]
[BlackFideId "13700090"]
[EventDate "2016.12.29"]

1. d4 Nf6 2. e3 e6 3. Bd3 c5 4. c3 b6 5. f4 Bb7 6. Nf3 d6 7. Qe2 Be7 8. O-O Nbd7
9. e4 O-O 10. Nbd2 cxd4 11. cxd4 e5 12. fxe5 dxe5 13. d5 Nc5 14. Bc2 Qc7 15. Nb3
Ba6 16. Qe3 Bxf1 17. Kxf1 Ng4 18. Qc3 Rac8 19. h3 Nxb3 20. Qxc7 Rxc7 21. Bxb3
Nf6 22. Nd2 Rfc8 0-1

[Event "World Blitz Women 2016"]
[Site "Doha QAT"]
[Date "2016.12.29"]
[Round "8.15"]
[White "Sviridova, Vlada"]
[Black "Dzagnidze, Nana"]
[Result "0-1"]
[WhiteTitle "WFM"]
[BlackTitle "GM"]
[WhiteElo "2144"]
[BlackElo "2520"]
[WhiteFideId "24109606"]
[BlackFideId "13601903"]
[EventDate "2016.12.29"]

1. d4 Nf6 2. c4 e6 3. Nc3 Bb4 4. g3 O-O 5. Bg2 c5 6. Nf3 d5 7. cxd5 exd5 8. O-O
c4 9. Ne5 h6 10. a3 Ba5 11. b4 Bc7 12. Be3 Nc6 13. f4 Bf5 14. Bf2 Re8 15. h3 h5
16. Kh2 a6 17. Qd2 Rc8 18. Rad1 Bb8 19. Rfe1 Ba7 20. e3 Nxe5 21. fxe5 Ne4 22.
Nxe4 Bxe4 23. Bxe4 dxe4 24. Qe2 Qg5 25. Qc2 Qg6 26. Rf1 Bb8 27. Be1 c3 28. Rf4
f6 29. Rc1 fxe5 30. Qxe4 Qxe4 31. Rxe4 exd4 32. Rxe8+ Rxe8 33. exd4 Re2+ 34. Kg1
Ba7 35. Bxc3 Kf7 36. Rf1+ Ke6 0-1

[Event "World Blitz Women 2016"]
[Site "Doha QAT"]
[Date "2016.12.29"]
[Round "8.16"]
[White "Sloan, Julia Elizabeth"]
[Black "Hallaeva, Bahar"]
[Result "0-1"]
[WhiteTitle "CM"]
[BlackTitle "WFM"]
[WhiteElo "2173"]
[BlackElo "2112"]
[WhiteFideId "2018950"]
[BlackFideId "14000679"]
[EventDate "2016.12.29"]

1. d4 Nf6 2. c4 e6 3. Nf3 b6 4. g3 Ba6 5. Qc2 Bb4+ 6. Bd2 Be7 7. e4 Bb7 8. Bd3
d6 9. O-O Nbd7 10. Nc3 O-O 11. Ne1 e5 12. d5 a5 13. a3 Nc5 14. Ng2 a4 15. Ne3
Nfd7 16. Rae1 Re8 17. Nf5 Bf8 18. h4 h6 19. Re3 Kh7 20. Rf3 Nf6 21. Kg2 Bc8 22.
Qd1 g6 23. Nxh6 Bxh6 24. Bg5 Bxg5 25. hxg5 Bg4 26. Rh1+ Kg8 27. gxf6 Bxf3+ 28.
Qxf3 Nxd3 29. Qxd3 Qxf6 30. Nb5 Re7 31. Qe3 Qg7 32. Qg5 f6 33. Qg4 Rf8 34. Na7
f5 35. Qf3 fxe4 36. Qxe4 Ref7 37. Rf1 Qf6 38. f3 Qf5 39. Qe2 Rh7 40. g4 Qf4 41.
Rh1 Rxh1 42. Kxh1 Kg7 43. Kg2 Rh8 44. Kg1 Qg3+ 45. Qg2 Qe1+ 46. Qf1 Rh1+ 0-1

[Event "World Blitz Women 2016"]
[Site "Doha QAT"]
[Date "2016.12.29"]
[Round "8.17"]
[White "Purtseladze, Maka"]
[Black "Krivec, Jana"]
[Result "1/2-1/2"]
[WhiteTitle "IM"]
[BlackTitle "WGM"]
[WhiteElo "2347"]
[BlackElo "2264"]
[WhiteFideId "13602659"]
[BlackFideId "14601982"]
[EventDate "2016.12.29"]

1. d4 f5 2. Nc3 Nf6 3. Bg5 d5 4. Bxf6 exf6 5. e3 c6 6. Bd3 Bd6 7. Qf3 g6 8. h3
Be6 9. g4 fxg4 10. hxg4 Bf7 11. Nge2 Nd7 12. Nf4 Nf8 13. O-O-O Qa5 14. Kb1 O-O-O
15. Rh3 Bb4 16. Nce2 Qc7 17. Rdh1 Bd6 18. Rh6 Rg8 19. Rc1 Qe7 20. c4 dxc4 21.
Bxc4 Bxc4 22. Rxc4 Kb8 23. Rc1 Re8 24. Nc3 Nd7 25. Rch1 Rg7 26. Nd3 Nb6 27. Qh3
Rh8 28. Qg2 Re8 29. Nc1 Nd7 30. Nb3 Nf8 31. Nd2 Bc7 32. Qe4 Qd7 33. Qf3 Qe7 34.
Nde4 Nd7 35. Nd2 Nf8 36. Nc4 Ne6 37. Nd2 Ng5 38. Qg2 Ne6 39. Qh3 Ng5 40. Qg2 Ne6
41. Nde4 f5 42. Nd2 fxg4 43. Qxg4 Rf8 44. Nde4 Nd8 45. d5 Nf7 46. R6h3 Ne5 47.
Qe6 cxd5 48. Qxe7 Rxe7 49. Nxd5 Rd7 50. Nxc7 Rxc7 51. Rxh7 Rxh7 52. Rxh7 Ng4 53.
Rg7 Nxf2 54. Nd6 b6 55. Rxg6 Nd3 56. Kc2 Nc5 57. e4 Kc7 58. e5 Re8 59. Nxe8+ 1/2-1/2

[Event "World Blitz Women 2016"]
[Site "Doha QAT"]
[Date "2016.12.29"]
[Round "9.3"]
[White "Ju, Wenjun"]
[Black "Charochkina, Daria"]
[Result "1-0"]
[WhiteTitle "GM"]
[BlackTitle "IM"]
[WhiteElo "2579"]
[BlackElo "2383"]
[WhiteFideId "8603006"]
[BlackFideId "4180917"]
[EventDate "2016.12.29"]

1. Nf3 f5 2. d4 Nf6 3. c4 e6 4. g3 d5 5. Bg2 c6 6. O-O Bd6 7. b3 O-O 8. Ba3 b6
9. Bxd6 Qxd6 10. Nbd2 Nbd7 11. Rc1 Bb7 12. e3 Rad8 13. Qe2 Ne4 14. Rfd1 Qa3 15.
Nxe4 fxe4 16. Ng5 Qe7 17. f4 exf3 18. Nxf3 c5 19. Rf1 e5 20. dxe5 Nxe5 21. Nxe5
Qxe5 22. Rxf8+ Rxf8 23. Rd1 Re8 24. cxd5 Bc8 25. e4 h6 26. Qe3 Bg4 27. Re1 Rf8
28. h3 Bd7 29. Re2 h5 30. Rf2 Re8 31. Qf4 Bc8 32. Qf7+ Kh8 33. d6 Rd8 34. Qe7
Qxe7 35. dxe7 Rd1+ 36. Kh2 Bd7 37. Rf8+ Kh7 38. Rd8 1-0

[Event "World Blitz Women 2016"]
[Site "Doha QAT"]
[Date "2016.12.29"]
[Round "9.4"]
[White "Gunina, Valentina"]
[Black "Lagno, Kateryna"]
[Result "0-1"]
[WhiteTitle "GM"]
[BlackTitle "GM"]
[WhiteElo "2525"]
[BlackElo "2530"]
[WhiteFideId "4167570"]
[BlackFideId "14109336"]
[EventDate "2016.12.29"]

1. Nf3 g6 2. g3 Bg7 3. Bg2 c5 4. c4 Nc6 5. O-O e6 6. Nc3 Nge7 7. d3 d5 8. cxd5
exd5 9. Bf4 O-O 10. Qc1 b6 11. Bh6 Re8 12. Bxg7 Kxg7 13. h3 d4 14. Ne4 Nd5 15.
Re1 f5 16. Ned2 Bb7 17. Nc4 Qf6 18. Qd2 Re7 19. h4 Rae8 20. h5 gxh5 21. Nh4 Ne5
22. Nxe5 Rxe5 23. Nf3 R5e7 24. a4 f4 25. Kh2 fxg3+ 26. fxg3 Ne3 27. a5 Nxg2 28.
Rf1 Rxe2 0-1

[Event "World Blitz Women 2016"]
[Site "Doha QAT"]
[Date "2016.12.29"]
[Round "9.5"]
[White "Tan, Zhongyi"]
[Black "Javakhishvili, Lela"]
[Result "1-0"]
[WhiteTitle "WGM"]
[BlackTitle "IM"]
[WhiteElo "2496"]
[BlackElo "2461"]
[WhiteFideId "8603642"]
[BlackFideId "13601458"]
[EventDate "2016.12.29"]

1. c4 c5 2. Nf3 Nc6 3. d4 cxd4 4. Nxd4 g6 5. e4 Nf6 6. Nc3 d6 7. Be2 Nxd4 8.
Qxd4 Bg7 9. Be3 O-O 10. Qd2 Be6 11. Rc1 Qa5 12. O-O Rfc8 13. b3 Nd7 14. f4 a6
15. f5 gxf5 16. exf5 Bxf5 17. Nd5 Qxd2 18. Bxd2 e6 19. Ne7+ Kf8 20. Nxc8 Rxc8
21. Be3 Nc5 22. Rcd1 Ne4 23. Bf3 Be5 24. Bd4 Rc7 25. Bxe5 dxe5 26. Bxe4 Bxe4 27.
Rfe1 f5 28. Kf2 Ke7 29. g3 Kf6 30. Ke3 h5 31. Rd8 Rh7 32. Red1 Bc6 33. Rf8+ Ke7
34. Rg8 h4 35. b4 hxg3 36. hxg3 Rh3 37. Rg1 f4+ 38. Kd3 Kf7 39. Rg4 Kf6 40. Rh4
e4+ 41. Ke2 Rxg3 42. Rxg3 fxg3 43. Ke3 Kf5 44. Rh8 Kg4 45. Rg8+ Kh3 46. a4 g2
47. b5 Kh2 48. bxc6 bxc6 49. Kf2 e3+ 50. Kxe3 g1=Q+ 51. Rxg1 Kxg1 52. Ke4 Kf2
53. c5 a5 54. Ke5 Ke3 55. Kxe6 Kd4 56. Kd6 Kc4 57. Kxc6 Kb4 58. Kb6 Kxa4 59. c6
Kb4 60. c7 a4 61. c8=Q 1-0

[Event "World Blitz Women 2016"]
[Site "Doha QAT"]
[Date "2016.12.29"]
[Round "9.7"]
[White "Kashlinskaya, Alina"]
[Black "Abdumalik, Zhansaya"]
[Result "1-0"]
[WhiteTitle "IM"]
[BlackTitle "WGM"]
[WhiteElo "2429"]
[BlackElo "2405"]
[WhiteFideId "4198026"]
[BlackFideId "13703544"]
[EventDate "2016.12.29"]

1. d4 Nf6 2. c4 g6 3. Nc3 d5 4. cxd5 Nxd5 5. e4 Nxc3 6. bxc3 Bg7 7. Be3 c5 8.
Nf3 O-O 9. Be2 Qa5 10. Bd2 Qc7 11. O-O Rd8 12. Be3 Bg4 13. h3 Bxf3 14. Bxf3 cxd4
15. cxd4 Nc6 16. d5 Bxa1 17. Qxa1 Ne5 18. Be2 Rac8 19. Bd4 Nc4 20. Bg4 Ra8 21.
Qc1 b5 22. Ba1 f6 23. Be6+ Kg7 24. e5 fxe5 25. Re1 Qd6 26. Qg5 Rf8 27. Rxe5 Rf6
28. Re4 Qb4 29. Rh4 Qd2 30. Bxf6+ exf6 31. Qg3 Qa5 32. Qf4 g5 33. Qg3 Rd8 34.
Re4 Nd6 35. Re3 Nc4 36. Re2 Qb6 37. h4 h6 38. h5 Qd4 39. Qc7+ Kf8 40. Qf7# 1-0

[Event "World Blitz Women 2016"]
[Site "Doha QAT"]
[Date "2016.12.29"]
[Round "9.8"]
[White "Zhu, Chen"]
[Black "Zhao, Xue"]
[Result "0-1"]
[WhiteTitle "GM"]
[BlackTitle "GM"]
[WhiteElo "2419"]
[BlackElo "2504"]
[WhiteFideId "8600546"]
[BlackFideId "8601283"]
[EventDate "2016.12.29"]

1. d4 e6 2. c4 b6 3. Nc3 f5 4. e4 fxe4 5. Nxe4 Nf6 6. Nc3 Bb7 7. Nf3 Bb4 8. Bd2
O-O 9. Be2 Nc6 10. O-O Ne7 11. a3 Bxc3 12. Bxc3 Ne4 13. Rc1 Nf5 14. d5 Qe7 15.
b4 Rae8 16. Ba1 Nf6 17. Bd3 Qf7 18. Ne5 Qe7 19. Re1 Qd8 20. dxe6 dxe6 21. Bb1
Qa8 22. f3 c5 23. bxc5 bxc5 24. Nd3 Nh4 25. Nxc5 Bxf3 26. Qd4 Nxg2 27. Nxe6 Nxe1
28. Nxf8 Kxf8 29. Rxe1 Rxe1+ 30. Kf2 Re2+ 31. Kf1 Re8 32. Bf5 Be2+ 33. Kg1 Qf3
34. Qc5+ Kg8 0-1